000 00683nam a22002057a 4500
005 20100807121637.0
010 _aENG-98827
020 _a9789380017525
_c100.00
035 _aEN-82359
037 _bDBAD/PUB
082 _a330.954
100 _aPushparani, C.
_99419
245 _aIndian economy /
_cby C. Pushparani
260 _aChennai
_bToday Publications
_c2008
270 _a192, Bells Road Chepauk
_bChennai
_e5
300 _a102p.
_c21cm (pbk)
650 _aEconomics
_99420
942 _2ddc
_cEN
_h330.954
_mPUS
999 _c40015
_d40015